| 000 | 00394nam a2200181Ia 4500 | ||
|---|---|---|---|
| 005 | 20240823011318.0 | ||
| 008 | 240823s9999||||xx |||||||||||||| ||und|| | ||
| 041 | _aENGLISH | ||
| 082 | _A823 | ||
| 100 | _a"Hailey,Arthur" | ||
| 245 | 4 | _aThe Money Changes | |
| 250 | _a1st | ||
| 260 | _b"Bantam Books,L" | ||
| 500 | _aYES | ||
| 650 |
_aGeneral _bGeneral |
||
| 942 | _cBK | ||
| 999 |
_c161157 _d161157 |
||